| 000 | 00837 a2200217 4500 | ||
|---|---|---|---|
| 003 | Nust | ||
| 005 | 20221220104015.0 | ||
| 010 | _a 80028563 | ||
| 020 | _a0070205280 : | ||
| 040 | _cNust | ||
| 082 | 0 | 0 | _a320.73,ZAK |
| 100 | 1 |
_aFerguson, John Henry, _9105295 |
|
| 245 | 1 | 4 |
_aThe American system of government / _cJohn H. Ferguson, Dean E. McHenry. |
| 250 | _a14th ed. | ||
| 260 |
_aNew York : _bMcGraw-Hill, _cc1981. |
||
| 300 |
_aviii, 840 p. : _bill. ; _c24 cm. |
||
| 505 | _aPostscript (Page-1), How I Survived on December 20 (Page-9), Returns Home a Wreek (Page-21), Betray and Sycophancy all around (Page-32), Interior of the Inferno (Page-42), A Crowd is not Company (Page-56). | ||
| 651 | 0 |
_aUnited States _xPolitics and government. _98166 |
|
| 700 | 1 |
_aMcHenry, Dean Eugene, _d1910- _9105296 |
|
| 942 |
_2ddc _cBK _k320.73,ZAK |
||
| 999 |
_c184916 _d184916 |
||